Mauvaises blagues #4 - Trouvez les titres de films - Statistiques

Statistiques générales
  • Ce quiz a été pris 12 fois
  • Le résultat moyen est 1 sur 12
Statistiques - réponses
Hint Réponse % Correct
Tête d'écharpe anglophone Scarface
56%
Petit nom de Tseu Là-haut
33%
Dépourvu du duo, nous dilatons la rate. Cendrillon
11%
Le bullet-point du 2 février La Liste de Schindler
11%
L'homme qui épelait Le dictateur
11%
(Cet homme est borné) x (pas vers Strasbourg) Il était une fois dans l'ouest
0%
Rouleau de bois renversable, objet sphérique pour enfant Kill bill
0%
La flotte pourrie de la profession de Jacob Lawrence d'Arabie
0%
Le pancréas Le parrain
0%
Cet écrivain russe se bidonne Toy Story
0%
Mazette, le plumard ! WALL E
0%
Affirmativement littoral graineux Whiplash
0%
Aucun quiz correspondant
Distribution des résultats
% des personnes avec chaque résultat
Percentile par nombre de réponses
Votre historique - résultats
Vous n’avez pas pris ce quiz